Statistics for Broadway Muscials by Song

Click here to take the quiz!

General Stats

  • This quiz has been taken 1,897 times
    (1,894 since last reset)
  • The average score is 9 of 15

Answer Stats

Hint Answer % Correct
Can You Feel the Love TonightThe Lion King
96%
The Cell Block TangoChicago
89%
Chim Chim Cher-eeMary Poppins
89%
Good Morning, BaltimoreHairspray
87%
MemoryCats
85%
PopularWicked
85%
The Music of the NightPhantom of the Opera
84%
Take a Chance on MeMamma Mia!
72%
Buenos AiresEvita
64%
Hello!Book of Mormon
51%
Brotherhood of ManHow to Succeed in Business Without Really Trying
30%
FriendshipAnything Goes
20%
Crazier Than YouThe Addams Family
19%
I Will SurvivePriscilla, Queen of the Desert
10%
Steal Your Rock 'n' RollMemphis
9%

Score Distribution

Percentile by Number Answered

Percent of People with Each Score

Your Score History

You have not taken this quiz since the last reset